[Event "Cannes op"]
[Site "Cannes"]
[Date "2007.02.24"]
[Round "8"]
[White "Caen, Eric"]
[Black "Davy, Bruno"]
[Result "0-1"]
[WhiteElo "1901"]
[BlackElo "2030"]
[PlyCount "90"]
[EventDate "2007.02.18"]
[EventType "swiss"]
[EventRounds "9"]
[EventCountry "FRA"]
[SourceTitle "CBM 116 Extra"]
[Source "ChessBase"]
[SourceDate "2007.03.07"]
[SourceVersion "1"]
[SourceVersionDate "2007.03.07"]
[SourceQuality "1"]

1. d4 d5 2. Bf4 e6 3. Nf3 Nf6 4. e3 Be7 5. Bd3 c6 6. c3 Nh5 7. Bg3 f5 8. Ne5 Nf6 9. Nd2 Nbd7 10. Ndf3 0-0 11. 0-0 c5 12. b3 Nxe5 13. Nxe5 Nd7 14. c4 cxd4 15. exd4 Nb6 16. c5 Nd7 17. f4 Nxe5 18. fxe5 Bd7 19. b4 b6 20. Ba6 bxc5 21. bxc5 Qa5 22. Be2 Rab8 23. Be1 Qa4 24. Qxa4 Bxa4 25. Bc3 Bc2 26. a4 Rb3 27. Ba5 Bd8 28. Bxd8 Rxd8 29. Rfc1 Rb2 30. Kf1 Rd7 31. Ra3 Rc7 32. Rca1 Rb4 33. R1a2 Bb1 34. Rd2 Kf8 35. Kf2 Ke7 36. Bd3 Rxd4 37. Ke3 Rxd3+ 38. Rdxd3 Bxd3 39. Kd4 Bc4 40. Rh3 h6 41. Rg3 Kd8 42. Rg6 Re7 43. c6 Kc7 44. Kc5 Bb3 45. Rg3 Bxa4 0-1